000 00974nkm a2200229 i 4500
001 4207
003 ES-MaACL
007 khrbo
008 070703s1988 sp --- g |001||spa d
100 0 _aAlfonso,
_d1902-1990
_919858
245 1 3 _aEl redescubrimiento de la infancia en las ciencias sociales actuales [
_hFotografía] /
_cAlfonso (sello).
260 _a[S.l. :
_bs.n.],
_c1988.
300 _a2 fot. :
_bb. y n. ;
_c12 x 18 cm.
500 _aDatos basados en invitación.
511 0 _aInterviene: José Luis Pedreira Massa.
518 _aActo organizado por el Ateneo de Madrid, celebrado en la sala de conferencias el viernes, 5 de febrero de 1988, a las 20:00 h.
600 1 4 _aPedreira Massa, José Luis,
_d1951-
_9234995
610 2 4 _aAteneo de Madrid-
_xActos culturales-
_y1988-
_vFotografías.
_91903
852 _aES-MaACL
_jFOT 21/1988
856 4 _uhttp://www.ateneodemadrid.net/biblioteca_digital/imagenes/1988/0021-1988.jpg
_zVer imagen
999 _c4207
_d4207